[Event "NAYCC U14 w"]
[Site "Toronto CAN"]
[Date "2013.08.17"]
[Round "6"]
[White "Xiang, Evan"]
[Black "Ding, Kimberly"]
[Result "0-1"]
[WhiteElo "1944"]
[BlackElo "2012"]
[PlyCount "174"]
[GameId "2160767909284251"]
[EventDate "2013.08.14"]
[EventType "swiss"]
[EventRounds "9"]
[EventCountry "CAN"]
[SourceTitle "EXT 2022"]
[Source "ChessBase"]
[SourceDate "2021.10.06"]
[SourceVersion "1"]
[SourceVersionDate "2021.10.06"]
[SourceQuality "1"]

1. d4 Nf6 2. Bf4 g6 3. Nf3 Bg7 4. e3 d6 5. c4 O-O 6. Nc3 Nfd7 7. h3 Nc6 8. Be2 e5 9. Bh2 Re8 10. O-O f5 11. d5 Ne7 12. b4 h6 13. Qb3 g5 14. Rad1 Nf6 15. c5 Ng6 16. Qc4 g4 17. hxg4 Nxg4 18. cxd6 cxd6 19. Nb5 e4 20. Bxd6 exf3 21. Bxf3 N4e5 22. Bxe5 Nxe5 23. Qe2 Nxf3+ 24. Qxf3 Qb6 25. Nd4 Rf8 26. a3 f4 27. Qe2 f3 28. Nxf3 Bg4 29. Qc4 Qg6 30. Nh4 Qh5 31. f3 Qxh4 32. Qxg4 Qxg4 33. fxg4 Rae8 34. Rxf8+ Kxf8 35. Kf2 Ke7 36. Kf3 Kd6 37. e4 Bf6 38. Ke3 Rg8 39. Rf1 Rg6 40. Rf5 a6 41. a4 Bc3 42. Kd3 Bxb4 43. Kc4 a5 44. e5+ Ke7 45. Rf4 b6 46. Kb5 Bc5 47. Ka6 Rg5 48. Re4 Kd7 49. Kb7 Rg7 50. Rf4 Re7 51. Re4 b5 52. axb5 Kd8+ 53. Kb8 Rxe5 54. Ra4 Bb4 55. b6 Rxd5 56. Ka7 Rb5 57. Ka6 Rg5 58. Ka7 Rg8 59. Ra1 Kd7 60. Rc1 Bd6 61. Rd1 a4 62. b7 a3 63. Rd2 Kc6 64. Rc2+ Bc5+ 65. Ka6 Rb8 66. Re2 Rxb7 67. Re6+ Bd6 68. Re2 Rb2 69. Re1 a2 70. Rc1+ Kd7 71. Ra1 Be5 72. Rd1+ Ke6 73. Ra1 Rxg2 74. Rxa2 Rxa2+ 75. Kb5 Rc2 76. Kb4 Kf6 77. Kb3 Rc3+ 78. Kb4 Kg5 79. Kb5 Kxg4 80. Kb4 h5 81. Kb5 h4 82. Kb4 h3 83. Kb5 h2 84. Kb4 h1=Q 85. Kb5 Qb1+ 86. Ka4 Rc8 87. Ka3 Ra8# 0-1

[Event "NAYCC U14 w"]
[Site "Toronto CAN"]
[Date "2013.08.17"]
[Round "6"]
[White "Zhou, Qiyu"]
[Black "Pobereshnikova, Agniya"]
[Result "1/2-1/2"]
[WhiteElo "2119"]
[BlackElo "1547"]
[PlyCount "172"]
[GameId "2160767909284252"]
[EventDate "2013.08.14"]
[EventType "swiss"]
[EventRounds "9"]
[EventCountry "CAN"]
[SourceTitle "EXT 2022"]
[Source "ChessBase"]
[SourceDate "2021.10.06"]
[SourceVersion "1"]
[SourceVersionDate "2021.10.06"]
[SourceQuality "1"]

1. e4 d5 2. exd5 Nf6 3. Nc3 Nxd5 4. d4 Nc6 5. Nf3 g6 6. Nxd5 Qxd5 7. c4 Qd6 8. d5 Ne5 9. Nxe5 Qxe5+ 10. Be2 Bg7 11. O-O O-O 12. Re1 Qd6 13. Qb3 b6 14. Bd2 Re8 15. Bb4 Qf6 16. Bf3 Rb8 17. Qa4 Bf5 18. Bc3 Qd6 19. Bxg7 Kxg7 20. b4 h5 21. Rac1 Bd7 22. Qa3 c5 23. Qb2+ Kg8 24. a3 e6 25. Qf6 Qe7 26. Qe5 Rbc8 27. Re3 f6 28. Qg3 Qg7 29. d6 e5 30. Bb7 Rb8 31. Bd5+ Be6 32. Bc6 Red8 33. Rd3 Bd7 34. b5 Rbc8 35. Bb7 Rb8 36. Bc6 Rbc8 37. Qf3 Qf8 38. Rcd1 f5 39. Bxd7 Rxd7 40. Qd5+ Qf7 41. Qxe5 Re8 42. Qc3 Re6 43. h3 Qf6 44. Qxf6 Rxf6 45. Kh2 Kf7 46. Kg3 Re6 47. f3 Kf6 48. h4 Ke5 49. Re1+ Kf6 50. Rxe6+ Kxe6 51. Kf4 Rxd6 52. Rxd6+ Kxd6 53. Kg5 Ke5 54. Kxg6 Kd4 55. Kxh5 Kxc4 56. Kg6 Kb3 57. h5 c4 58. h6 c3 59. h7 c2 60. h8=Q c1=Q 61. Qf8 Qf1 62. Qf7+ Kxa3 63. Kxf5 Qxg2 64. f4 Qc2+ 65. Kg5 Qc5+ 66. Kg6 Qg1+ 67. Kh7 Qh1+ 68. Kg7 Qg2+ 69. Kf8 Qa8+ 70. Kg7 Qg2+ 71. Kf6 Qb2+ 72. Kg6 Qg2+ 73. Kf5 Kb4 74. Qxa7 Kxb5 75. Qd7+ Kc5 76. Qc7+ Kb5 77. Qe5+ Kc4 78. Qe6+ Qd5+ 79. Kf6 Qxe6+ 80. Kxe6 b5 81. f5 b4 82. f6 b3 83. f7 b2 84. f8=Q b1=Q 85. Qf4+ Kc3 86. Qe5+ Kc2 1/2-1/2

[Event "NAYCC U14 w"]
[Site "Toronto CAN"]
[Date "2013.08.17"]
[Round "7"]
[White "Ding, Kimberly"]
[Black "Kulkami, Soumya"]
[Result "1/2-1/2"]
[WhiteElo "2012"]
[BlackElo "1769"]
[PlyCount "95"]
[GameId "2160767909284253"]
[EventDate "2013.08.14"]
[EventType "swiss"]
[EventRounds "9"]
[EventCountry "CAN"]
[SourceTitle "hb 2013"]

1. e4 e5 2. Nf3 Nc6 3. Bb5 a6 4. Ba4 Nf6 5. O-O b5 6. Bb3 Bc5 7. Re1 d6 8. c3 O-O 9. h3 Bb6 10. d4 h6 11. Bc2 Bb7 12. a3 Re8 13. d5 Ne7 14. Nbd2 Ng6 15. Nf1 Nh5 16. Be3 Qe7 17. Bxb6 cxb6 18. Ne3 Nf6 19. Nf5 Qd7 20. N3h4 Nxh4 21. Nxh4 Bc8 22. Qf3 Qb7 23. Rad1 Qe7 24. Nf5 Bxf5 25. Qxf5 Rec8 26. Kh2 Qd7 27. Qf3 Rab8 28. Bd3 Ra8 29. Qe2 Qb7 30. Rf1 Nd7 31. g3 Rf8 32. Rc1 Nc5 33. b4 Nxd3 34. Qxd3 Rac8 35. f4 f6 36. Rf3 Qc7 37. Rcf1 Qc4 38. Qe3 Qc7 39. Qf2 Qb8 40. h4 Rcd8 41. Kg2 Rc8 42. Kh2 Rcd8 43. fxe5 fxe5 44. Rf7 Rc8 45. Qf5 Rxf7 46. Qxf7+ Kh8 47. Rf3 Rc7 48. Qg6 1/2-1/2

[Event "NAYCC U14 w"]
[Site "Toronto CAN"]
[Date "2013.08.17"]
[Round "7"]
[White "Gao, Christine"]
[Black "Ravishankar, Rakshaa"]
[Result "1/2-1/2"]
[WhiteElo "1472"]
[BlackElo "1431"]
[PlyCount "104"]
[GameId "2160767909284255"]
[EventDate "2013.08.14"]
[EventType "swiss"]
[EventRounds "9"]
[EventCountry "CAN"]
[SourceTitle "hb 2013"]

1. e4 e6 2. d4 d5 3. e5 c5 4. c3 Qb6 5. Nf3 Bd7 6. a3 Bb5 7. Bd3 Bxd3 8. Qxd3 Nc6 9. b4 cxd4 10. cxd4 Nge7 11. Nc3 Nf5 12. Na4 Qd8 13. Bb2 Be7 14. O-O O-O 15. Rac1 Rc8 16. Nd2 b6 17. Kh1 Qd7 18. Nc3 f6 19. f4 fxe5 20. fxe5 Bg5 21. Rce1 Bxd2 22. Qxd2 Nfe7 23. Ne2 Ng6 24. Ng3 Nce7 25. Bc1 Nh4 26. Qg5 Nhf5 27. Nh5 Ng6 28. Qd2 Qb5 29. Bb2 Nfe7 30. Ng3 Rc7 31. Rc1 Rxc1 32. Qxc1 Rxf1+ 33. Nxf1 Qe2 34. Kg1 Nh4 35. Qd2 Qxd2 36. Nxd2 Kf8 37. Kf2 Nc6 38. Nb3 Ke7 39. g3 Ng6 40. Kf3 Kd7 41. b5 Nce7 42. a4 Kc7 43. Nd2 Kb7 44. Nb1 Kc7 45. h3 Kd7 46. g4 h6 47. Kg3 Ke8 48. Ba3 Nc8 49. h4 Nge7 50. Nd2 Ng6 51. Nb3 Nge7 52. Nd2 Ng6 1/2-1/2

[Event "NAYCC U14 w"]
[Site "Toronto CAN"]
[Date "2013.08.17"]
[Round "7"]
[White "Kathirkamar, Vaanie"]
[Black "Tao, Rachel"]
[Result "0-1"]
[WhiteElo "1001"]
[BlackElo "1659"]
[PlyCount "70"]
[GameId "2160767909284256"]
[EventDate "2013.08.14"]
[EventType "swiss"]
[EventRounds "9"]
[EventCountry "CAN"]
[SourceTitle "EXT 2022"]
[Source "ChessBase"]
[SourceDate "2021.10.06"]
[SourceVersion "1"]
[SourceVersionDate "2021.10.06"]
[SourceQuality "1"]

1. e4 c5 2. Ne2 Nc6 3. g3 e6 4. Bg2 d5 5. O-O Nf6 6. d3 Be7 7. b3 O-O 8. Nd2 b6 9. Bb2 d4 10. Nf4 Ne5 11. Nc4 Nxc4 12. bxc4 e5 13. Nd5 Nxd5 14. exd5 Bd6 15. Bc1 Bd7 16. Be4 f5 17. Bg2 Rb8 18. f4 Re8 19. fxe5 Bxe5 20. Bf4 Bxf4 21. Rxf4 Qg5 22. Qd2 Re3 23. Re1 Rbe8 24. Rxe3 dxe3 25. Qe2 Qf6 26. Rf3 Qa1+ 27. Bf1 Qc1 28. h4 Qd2 29. Kh2 Ba4 30. Kg1 Bxc2 31. Kh2 Bd1 32. Qxd2 exd2 33. Rf2 Be2 34. Rxe2 d1=Q 35. Rxe8+ Kf7 0-1

[Event "NAYCC U14 w"]
[Site "Toronto CAN"]
[Date "2013.08.17"]
[Round "7"]
[White "Li, Kristen"]
[Black "Cherepakhin, Olga"]
[Result "0-1"]
[WhiteElo "1626"]
[BlackElo "1669"]
[PlyCount "128"]
[GameId "2160767909284257"]
[EventDate "2013.08.14"]
[EventType "swiss"]
[EventRounds "9"]
[EventCountry "CAN"]
[SourceTitle "hb 2013"]

1. e4 e5 2. Nf3 Nc6 3. Bc4 Bc5 4. c3 Nf6 5. d3 d6 6. Bb3 h6 7. Nbd2 O-O 8. Nf1 d5 9. exd5 Nxd5 10. h3 Re8 11. Bxd5 Qxd5 12. Ne3 Bxe3 13. Bxe3 Bf5 14. d4 exd4 15. cxd4 Nb4 16. O-O Nxa2 17. Qa4 Be6 18. Ne1 Qb3 19. Qxb3 Bxb3 20. Nd3 Bc4 21. Rfd1 Bxd3 22. Rxd3 Nb4 23. Rc3 Nd5 24. Rca3 Nxe3 25. fxe3 a6 26. Rb3 b6 27. Rba3 a5 28. Kf2 Rab8 29. Rc3 Rb7 30. Rac1 Re7 31. Kf3 Kh7 32. Rc6 b5 33. b3 a4 34. bxa4 bxa4 35. Ra6 Rb3 36. Re1 a3 37. Kf2 Re6 38. Ra7 Rc6 39. Re2 Rcc3 40. Kf3 Rb2 41. Rxb2 axb2 42. Rb7 Rc2 43. g3 Rh2 44. Rb5 c6 45. Rb6 f6 46. Kf4 Kg6 47. Kf3 Kg5 48. Rb4 f5 49. Rb7 g6 50. Rb6 Kh5 51. Rb4 g5 52. Rb3 Kg6 53. Rb6 Kf7 54. Rb7+ Ke8 55. Rb8+ Kd7 56. Rb7+ Kd6 57. Rb6 Kd5 58. Rb4 h5 59. Rb6 Kd6 60. Rb4 Ke7 61. Rb7+ Kf6 62. Rb6 g4+ 63. hxg4 hxg4+ 64. Kf4 Rf2# 0-1

[Event "NAYCC U14 w"]
[Site "Toronto CAN"]
[Date "2013.08.17"]
[Round "7"]
[White "Pobereshnikova, Agniya"]
[Black "Peng, Janet"]
[Result "0-1"]
[WhiteElo "1547"]
[BlackElo "1479"]
[PlyCount "104"]
[GameId "2160767909284258"]
[EventDate "2013.08.14"]
[EventType "swiss"]
[EventRounds "9"]
[EventCountry "CAN"]
[SourceTitle "hb 2013"]

1. e4 e6 2. d4 d5 3. Nd2 c5 4. c3 Nc6 5. Ngf3 Nf6 6. e5 Nd7 7. Bd3 Qb6 8. O-O cxd4 9. cxd4 Nxd4 10. Nxd4 Qxd4 11. Nf3 Qb6 12. Qa4 Qb4 13. Qc2 g6 14. Bd2 Qb6 15. Rac1 Bg7 16. Rfe1 Nf8 17. Be3 Qd8 18. b3 Bd7 19. Qd2 h6 20. Rc2 a6 21. Rec1 Rc8 22. h4 Rxc2 23. Rxc2 Bc6 24. Nd4 Bd7 25. Nf3 Bc6 26. Bxa6 d4 27. Nxd4 Bxg2 28. Bb5+ Bc6 29. Nxc6 bxc6 30. Bxc6+ Nd7 31. f4 Rg8 32. a4 f6 33. a5 g5 34. hxg5 fxe5 35. a6 exf4 36. Bxf4 Bf6 37. a7 Bxg5 38. Bxg5 Rxg5+ 39. Kf1 Qf6+ 40. Qf2 Qa1+ 41. Ke2 Re5+ 42. Kd3 Qd1+ 43. Qd2 Qf1+ 44. Kc3 Qa1+ 45. Rb2 Qxa7 46. Qd6 Qe3+ 47. Kc2 Qc5+ 48. Qxc5 Rxc5+ 49. Kd3 Rxc6 50. Rh2 e5 51. Rh5 Re6 52. Ke4 Nf6+ 0-1

[Event "NAYCC U14 w"]
[Site "Toronto CAN"]
[Date "2013.08.17"]
[Round "7"]
[White "Roque, Fernanda"]
[Black "Dhingra, Sangeeta"]
[Result "1/2-1/2"]
[WhiteElo "1544"]
[BlackElo "1803"]
[PlyCount "76"]
[GameId "2160767909284259"]
[EventDate "2013.08.14"]
[EventType "swiss"]
[EventRounds "9"]
[EventCountry "CAN"]
[SourceTitle "hb 2013"]

1. c4 e5 2. Nc3 Nf6 3. Nf3 d6 4. g3 Be6 5. d3 Nbd7 6. Bg2 c6 7. O-O Be7 8. Ng5 Bf5 9. h3 h6 10. Nf3 O-O 11. Bd2 Re8 12. Qc1 Bf8 13. e4 Bh7 14. Be3 Rc8 15. Qd2 b6 16. a3 Nc5 17. Qd1 Ne6 18. Rc1 Nc7 19. Qa4 d5 20. cxd5 cxd5 21. exd5 Ncxd5 22. Nxd5 Nxd5 23. Rxc8 Qxc8 24. Rc1 Qb8 25. Bd2 Rd8 26. Qb3 Bc5 27. d4 exd4 28. Nxd4 Bxd4 29. Bxd5 Bg6 30. Rc6 Rd6 31. Bf4 Qe8 32. Rc1 Rd8 33. Kf1 Qd7 34. Bg2 Bc5 35. Kg1 Bf5 36. g4 Be6 37. Qc2 h5 38. b4 Be7 1/2-1/2

[Event "NAYCC U14 w"]
[Site "Toronto CAN"]
[Date "2013.08.17"]
[Round "7"]
[White "Serban, Diana"]
[Black "Wang, Sophie"]
[Result "1-0"]
[WhiteElo "1253"]
[BlackElo "1346"]
[PlyCount "93"]
[GameId "2160767909284261"]
[EventDate "2013.08.14"]
[EventType "swiss"]
[EventRounds "9"]
[EventCountry "CAN"]
[SourceTitle "hb 2013"]

1. d4 Nf6 2. c4 g6 3. Nc3 Bg7 4. e4 d6 5. Bg5 O-O 6. Be2 e5 7. dxe5 dxe5 8. Qxd8 Rxd8 9. Bxf6 Bxf6 10. Nd5 Nd7 11. Nxc7 Rb8 12. Nd5 Bg5 13. Nf3 Bh6 14. Rd1 Kg7 15. O-O Nc5 16. Bd3 Nxd3 17. Rxd3 Bg4 18. h3 Bxf3 19. Rxf3 Rbc8 20. Rc3 b6 21. f3 Rf8 22. Rf2 f5 23. exf5 gxf5 24. Re2 Rfe8 25. Ra3 Rxc4 26. Rxa7+ Kg6 27. Nxb6 Rd4 28. Ra4 Rb8 29. Rxd4 exd4 30. Nd7 Be3+ 31. Kf1 Re8 32. Nc5 Kf7 33. a4 Rb8 34. b3 Ke7 35. Rb2 Rd8 36. Ke2 f4 37. Kd3 Rd5 38. b4 Kd6 39. Ne4+ Ke7 40. b5 Rd8 41. b6 Rb8 42. a5 Kd7 43. a6 Kc6 44. a7 Ra8 45. b7 Rxa7 46. b8=Q Ra3+ 47. Rb3 1-0

[Event "NAYCC U14 w"]
[Site "Toronto CAN"]
[Date "2013.08.17"]
[Round "7"]
[White "Xiang, Evan"]
[Black "Zhou, Qiyu"]
[Result "1/2-1/2"]
[WhiteElo "1944"]
[BlackElo "2119"]
[PlyCount "82"]
[GameId "2160767909284262"]
[EventDate "2013.08.14"]
[EventType "swiss"]
[EventRounds "9"]
[EventCountry "CAN"]
[SourceTitle "hb 2013"]

1. d4 Nf6 2. Bf4 g6 3. Nf3 Bg7 4. e3 O-O 5. c4 d6 6. Nc3 Nbd7 7. h3 b6 8. Be2 Bb7 9. O-O c5 10. d5 Ne8 11. e4 Qb8 12. Qa4 Ndf6 13. Rad1 e5 14. dxe6 fxe6 15. Bxd6 Nxd6 16. e5 Nfe4 17. exd6 Bxc3 18. bxc3 Nxc3 19. Qc2 Nxd1 20. Rxd1 Qd8 21. Qd3 Qf6 22. Qe3 Rad8 23. Ne5 Qf4 24. Bg4 Kg7 25. d7 Qxe3 26. fxe3 h5 27. Bf3 Rxf3 28. gxf3 Kf6 29. f4 g5 30. Kf2 Be4 31. Rg1 gxf4 32. exf4 Bc2 33. Rg5 Ba4 34. Rxh5 Bxd7 35. Rh7 Be8 36. Rxa7 Rd2+ 37. Ke3 Rc2 38. Kd3 Rg2 39. Ke4 Re2+ 40. Kd3 Rg2 41. Ke4 Re2+ 1/2-1/2

[Event "NAYCC U14 w"]
[Site "Toronto CAN"]
[Date "2013.08.17"]
[Round "7"]
[White "Yu, Cindy"]
[Black "Thanabalachandran, Luxiga"]
[Result "1/2-1/2"]
[WhiteElo "1332"]
[BlackElo "1030"]
[PlyCount "77"]
[GameId "2160767909284263"]
[EventDate "2013.08.14"]
[EventType "swiss"]
[EventRounds "9"]
[EventCountry "CAN"]
[SourceTitle "hb 2013"]

1. e4 e6 2. d4 d5 3. e5 c5 4. c3 Nc6 5. Nf3 Qb6 6. a3 Nh6 7. b4 c4 8. Be3 Nf5 9. Be2 Be7 10. O-O O-O 11. Nbd2 a5 12. Qc2 Bd7 13. Rfb1 axb4 14. axb4 f6 15. exf6 Bxf6 16. Bg5 Bxg5 17. Nxg5 h6 18. Ngf3 Qc7 19. Rxa8 Rxa8 20. b5 Nce7 21. Ne5 b6 22. Nxd7 Qxd7 23. Nf1 Ra5 24. Ne3 Nxe3 25. fxe3 Rxb5 26. Bg4 Rxb1+ 27. Qxb1 b5 28. e4 Qc6 29. exd5 Nxd5 30. Qe4 Ne7 31. Bxe6+ Kf8 32. Qxc6 Nxc6 33. Bd7 Na7 34. d5 Ke7 35. Be6 Kd6 36. Kf2 Nc6 37. Ke3 Ne7 38. Kd4 Ng6 39. g3 1/2-1/2

[Event "NAYCC U14 w"]
[Site "Toronto CAN"]
[Date "2013.08.18"]
[Round "8"]
[White "Cherepakhin, Olga"]
[Black "Ding, Kimberly"]
[Result "0-1"]
[WhiteElo "1669"]
[BlackElo "2012"]
[PlyCount "120"]
[GameId "2160767909284264"]
[EventDate "2013.08.14"]
[EventType "swiss"]
[EventRounds "9"]
[EventCountry "CAN"]
[SourceTitle "EXT 2022"]
[Source "ChessBase"]
[SourceDate "2021.10.06"]
[SourceVersion "1"]
[SourceVersionDate "2021.10.06"]
[SourceQuality "1"]

1. e4 e6 2. d4 d5 3. exd5 exd5 4. Bd3 Bd6 5. Ne2 Ne7 6. O-O Bf5 7. Bf4 O-O 8. c3 c6 9. Qc2 Bxd3 10. Qxd3 Ng6 11. Bxd6 Qxd6 12. Qg3 Qe7 13. Re1 Re8 14. Nd2 Nd7 15. Nf3 Nb6 16. h3 Qf6 17. Qg5 Qd6 18. Ng3 Nc4 19. b3 Na3 20. Qd2 Qf4 21. Qb2 Nb5 22. c4 Nd6 23. Qc3 Ne4 24. Nxe4 dxe4 25. Nd2 Rad8 26. Nf1 Qd6 27. Rad1 Nf4 28. Ng3 Qg6 29. Qe3 Qg5 30. d5 h5 31. dxc6 Rxd1 32. Rxd1 bxc6 33. h4 Qxh4 34. Nxe4 Qg4 35. Qf3 Ne2+ 36. Kf1 Qxe4 37. Qxe4 Rxe4 38. Re1 Nc3 39. Rxe4 Nxe4 40. Ke2 f5 41. Ke3 Kf7 42. f3 Nc5 43. Kd4 Nd7 44. b4 Ke6 45. f4 a6 46. a4 Kd6 47. g3 Nf6 48. Ke3 g6 49. Kf3 Ne4 50. Kg2 Nd2 51. c5+ Kd5 52. Kh3 Ne4 53. Kg2 Kc4 54. b5 Kxc5 55. bxa6 Kb6 56. Kf3 Kxa6 57. Ke3 Ka5 58. Kd4 c5+ 59. Kc4 Kxa4 60. g4 hxg4 0-1

[Event "NAYCC U14 w"]
[Site "Toronto CAN"]
[Date "2013.08.18"]
[Round "8"]
[White "Dhingra, Sangeeta"]
[Black "Tao, Rachel"]
[Result "1-0"]
[WhiteElo "1803"]
[BlackElo "1659"]
[PlyCount "93"]
[GameId "2160767909284265"]
[EventDate "2013.08.14"]
[EventType "swiss"]
[EventRounds "9"]
[EventCountry "CAN"]
[SourceTitle "EXT 2022"]
[Source "ChessBase"]
[SourceDate "2021.10.06"]
[SourceVersion "1"]
[SourceVersionDate "2021.10.06"]
[SourceQuality "1"]

1. e4 c5 2. Nf3 Nc6 3. d4 cxd4 4. Nxd4 Qb6 5. Nb3 Nf6 6. Nc3 e6 7. Bf4 Bb4 8. Qd3 d5 9. exd5 Nxd5 10. Bd2 Nxc3 11. Bxc3 Bxc3+ 12. bxc3 O-O 13. Be2 Rd8 14. Qg3 e5 15. O-O Bf5 16. Bd3 Be6 17. Rab1 Rab8 18. Nd4 Qa5 19. Nxe6 fxe6 20. Qh3 Qxa2 21. Qxh7+ Kf8 22. Bg6 Rd7 23. Qh8+ Ke7 24. Qxg7+ Kd8 25. Rbd1 Nd4 26. Qxe5 Rc8 27. Rxd4 Rxd4 28. Qxd4+ Qd5 29. Qxd5+ exd5 30. f4 Ke7 31. Rd1 Kf6 32. Bd3 Rxc3 33. Rb1 b6 34. g4 Rc6 35. g5+ Kg7 36. f5 a5 37. f6+ Kf7 38. h4 a4 39. h5 a3 40. h6 Rc8 41. Ra1 Rg8 42. g6+ Kxf6 43. Rf1+ Ke5 44. h7 Ra8 45. g7 a2 46. h8=Q a1=Q 47. g8=Q+ 1-0

[Event "NAYCC U14 w"]
[Site "Toronto CAN"]
[Date "2013.08.18"]
[Round "8"]
[White "Li, Kristen"]
[Black "Serban, Diana"]
[Result "1-0"]
[WhiteElo "1626"]
[BlackElo "1253"]
[PlyCount "91"]
[GameId "2160767909284266"]
[EventDate "2013.08.14"]
[EventType "swiss"]
[EventRounds "9"]
[EventCountry "CAN"]
[SourceTitle "EXT 2022"]
[Source "ChessBase"]
[SourceDate "2021.10.06"]
[SourceVersion "1"]
[SourceVersionDate "2021.10.06"]
[SourceQuality "1"]

1. e4 c5 2. Nf3 d6 3. d4 cxd4 4. Nxd4 Nf6 5. Nc3 g6 6. Be3 Bg7 7. f3 O-O 8. Qd2 a6 9. O-O-O Bd7 10. g4 b5 11. a3 Qc7 12. h4 Nc6 13. Nxc6 Bxc6 14. h5 Rac8 15. hxg6 fxg6 16. Bh6 Rf7 17. g5 Nh5 18. Bh3 Bd7 19. Nd5 Qc6 20. Bxd7 Qxd7 21. Nb6 Qc7 22. Nxc8 Qxc8 23. Bxg7 Nxg7 24. Qh2 Nh5 25. Qh3 Qc4 26. Qf1 Qa2 27. Qd3 Qa1+ 28. Kd2 Qxb2 29. Qc3 Qxc3+ 30. Kxc3 Rxf3+ 31. Kb4 Rf4 32. Rhe1 Ng3 33. Ka5 Kf8 34. Kxa6 Rg4 35. Rd5 Nxe4 36. Rxb5 Nc5+ 37. Kb6 Ra4 38. Ra5 e5 39. Rxa4 Nxa4+ 40. Kc6 Ke7 41. Rd1 e4 42. Re1 Nc3 43. Re3 Nb1 44. Rxe4+ Kd8 45. Kxd6 Nxa3 46. Rf4 1-0

[Event "NAYCC U14 w"]
[Site "Toronto CAN"]
[Date "2013.08.18"]
[Round "8"]
[White "Peng, Janet"]
[Black "Yu, Cindy"]
[Result "1/2-1/2"]
[WhiteElo "1479"]
[BlackElo "1332"]
[PlyCount "68"]
[GameId "2160767909284267"]
[EventDate "2013.08.14"]
[EventType "swiss"]
[EventRounds "9"]
[EventCountry "CAN"]
[SourceTitle "EXT 2022"]
[Source "ChessBase"]
[SourceDate "2021.10.06"]
[SourceVersion "1"]
[SourceVersionDate "2021.10.06"]
[SourceQuality "1"]

1. d4 Nf6 2. Nf3 g6 3. Bf4 Bg7 4. e3 O-O 5. Be2 d6 6. h3 Nbd7 7. c4 c5 8. Nc3 b6 9. O-O cxd4 10. exd4 Bb7 11. Qd2 Re8 12. Bh6 Bh8 13. d5 Nc5 14. Qc2 a6 15. Rad1 Rc8 16. Rfe1 Qc7 17. b3 Ncd7 18. a4 e6 19. dxe6 fxe6 20. Nh4 Ne5 21. Bf4 Nfd7 22. Qd2 d5 23. Bxe5 Nxe5 24. Rc1 dxc4 25. bxc4 Nxc4 26. Bxc4 Qxc4 27. Ne4 Qd5 28. Qf4 Rxc1 29. Qxc1 Qd4 30. Qf4 Rf8 31. Qg4 Qe5 32. Nf3 Qf5 33. Qh4 Qf4 34. Qe7 Qf7 1/2-1/2

[Event "NAYCC U14 w"]
[Site "Toronto CAN"]
[Date "2013.08.18"]
[Round "8"]
[White "Pobereshnikova, Agniya"]
[Black "Gao, Christine"]
[Result "1/2-1/2"]
[WhiteElo "1547"]
[BlackElo "1472"]
[PlyCount "68"]
[GameId "2160767909284268"]
[EventDate "2013.08.14"]
[EventType "swiss"]
[EventRounds "9"]
[EventCountry "CAN"]
[SourceTitle "EXT 2022"]
[Source "ChessBase"]
[SourceDate "2021.10.06"]
[SourceVersion "1"]
[SourceVersionDate "2021.10.06"]
[SourceQuality "1"]

1. e4 c5 2. Nf3 d6 3. d4 cxd4 4. Nxd4 Nf6 5. Nc3 g6 6. Be3 Bg7 7. Bc4 O-O 8. f3 Nc6 9. Qd2 Bd7 10. h4 Rc8 11. Bb3 h5 12. O-O-O Ne5 13. Kb1 Nc4 14. Bxc4 Rxc4 15. Qe2 Qc8 16. Rd3 a6 17. Qd2 b5 18. Nd5 Nxd5 19. exd5 Qb7 20. Bg5 Rfc8 21. Rc1 Qb6 22. Be3 Qc7 23. b3 Rc3 24. Rxc3 Qxc3 25. Qxc3 Rxc3 26. Bf2 b4 27. Re1 Bf6 28. Ne2 Rc8 29. Bb6 Bf5 30. Rc1 Bxh4 31. Nd4 Bd7 32. Ba5 Bf6 33. c3 bxc3 34. Bxc3 Kf8 1/2-1/2

[Event "NAYCC U14 w"]
[Site "Toronto CAN"]
[Date "2013.08.18"]
[Round "8"]
[White "Ravishankar, Rakshaa"]
[Black "Xiang, Evan"]
[Result "1/2-1/2"]
[WhiteElo "1431"]
[BlackElo "1944"]
[PlyCount "81"]
[GameId "2160767909284269"]
[EventDate "2013.08.14"]
[EventType "swiss"]
[EventRounds "9"]
[EventCountry "CAN"]
[SourceTitle "EXT 2022"]
[Source "ChessBase"]
[SourceDate "2021.10.06"]
[SourceVersion "1"]
[SourceVersionDate "2021.10.06"]
[SourceQuality "1"]

1. e4 d5 2. exd5 Nf6 3. Nc3 Nxd5 4. Nxd5 Qxd5 5. d4 Nc6 6. Be3 Bf5 7. c3 O-O-O 8. Nf3 Be4 9. Be2 h6 10. Qb3 Qxb3 11. axb3 e6 12. O-O a6 13. Bf4 f6 14. Nd2 Bh7 15. Rfe1 g5 16. Be3 f5 17. Nf3 Bg7 18. Bc4 Bg8 19. b4 e5 20. Bxg8 Rhxg8 21. dxe5 Nxe5 22. Nxe5 Bxe5 23. Rad1 Rxd1 24. Rxd1 Re8 25. h3 f4 26. Bc1 b5 27. Kf1 c6 28. f3 Kc7 29. Bd2 Bd6 30. Be1 Ra8 31. Bf2 a5 32. bxa5 Rxa5 33. Ke2 c5 34. Rd2 Kc6 35. Kd3 Ra4 36. Kc2 Ra8 37. Re2 Kd5 38. Rd2+ Kc6 39. Re2 Kd5 40. Rd2+ Kc6 41. Re2 1/2-1/2

[Event "NAYCC U14 w"]
[Site "Toronto CAN"]
[Date "2013.08.18"]
[Round "8"]
[White "Thanabalachandran, Luxiga"]
[Black "Roque, Fernanda"]
[Result "0-1"]
[WhiteElo "1030"]
[BlackElo "1544"]
[PlyCount "96"]
[GameId "2160767909284270"]
[EventDate "2013.08.14"]
[EventType "swiss"]
[EventRounds "9"]
[EventCountry "CAN"]

1. e4 c5 2. c3 Nc6 3. d4 cxd4 4. cxd4 Nf6 5. Nc3 d6 6. Nf3 g6 7. Bb5 a6 8. Ba4 b5 9. Bb3 Bg7 10. h3 O-O 11. O-O b4 12. e5 bxc3 13. exf6 cxb2 14. Bxb2 Bxf6 15. Bd5 Bd7 16. Rc1 Rc8 17. Re1 Qa5 18. Bb3 Qb6 19. Qd3 Bf5 20. Qd2 Na5 21. Re3 Rxc1+ 22. Qxc1 Rc8 23. Qe1 Nc4 24. Bxc4 Rxc4 25. Qd2 Rc2 26. Rb3 Qc7 27. Qe3 Be6 28. Rc3 Rxc3 29. Qxc3 Qxc3 30. Bxc3 Bxa2 31. Kf1 e6 32. Ke2 Bc4+ 33. Ke3 Bd8 34. Nd2 Bd5 35. g3 Kf8 36. Kd3 Ke7 37. Ne4 a5 38. Nd2 Kd7 39. Kc2 Kc6 40. Kb2 Kb5 41. Ka3 g5 42. f4 gxf4 43. gxf4 Bg2 44. Nb3 Bxh3 45. Nd2 Bg2 46. Kb3 h5 47. Nc4 a4+ 48. Ka3 Kxc4 0-1

[Event "NAYCC U14 w"]
[Site "Toronto CAN"]
[Date "2013.08.18"]
[Round "8"]
[White "Wang, Sophie"]
[Black "Kathirkamar, Vaanie"]
[Result "1/2-1/2"]
[WhiteElo "1346"]
[BlackElo "1001"]
[PlyCount "62"]
[GameId "2160767909284272"]
[EventDate "2013.08.14"]
[EventType "swiss"]
[EventRounds "9"]
[EventCountry "CAN"]
[SourceTitle "EXT 2022"]
[Source "ChessBase"]
[SourceDate "2021.10.06"]
[SourceVersion "1"]
[SourceVersionDate "2021.10.06"]
[SourceQuality "1"]

1. e4 e5 2. Nc3 Nc6 3. f4 Nf6 4. Nf3 d6 5. f5 d5 6. Bb5 dxe4 7. Nxe5 Bd7 8. Bxc6 Bxc6 9. Nxc6 bxc6 10. O-O Bc5+ 11. Kh1 O-O 12. Qe2 Qe7 13. b3 Rfe8 14. Bb2 e3 15. Na4 Bd6 16. Rae1 exd2 17. Qxd2 Ne4 18. Qd4 f6 19. Nc3 Ng3+ 20. hxg3 Qf8 21. Qc4+ Kh8 22. Ne4 c5 23. Nxd6 Qxd6 24. Qf4 Qd7 25. Rd1 Qf7 26. Rfe1 Rad8 27. Rxd8 Rxd8 28. g4 Re8 29. Rxe8+ Qxe8 30. Qxc7 Qe1+ 31. Kh2 Qh4+ 1/2-1/2

[Event "NAYCC U14 w"]
[Site "Toronto CAN"]
[Date "2013.08.18"]
[Round "8"]
[White "Zhou, Qiyu"]
[Black "Kulkarni, Soumya"]
[Result "1-0"]
[WhiteElo "2119"]
[BlackElo "1769"]
[PlyCount "49"]
[GameId "2160767909292465"]
[EventDate "2013.08.14"]
[EventType "swiss"]
[EventRounds "9"]
[EventCountry "CAN"]
[SourceTitle "EXT 2022"]
[Source "ChessBase"]
[SourceDate "2021.10.06"]
[SourceVersion "1"]
[SourceVersionDate "2021.10.06"]
[SourceQuality "1"]

1. e4 e5 2. Nf3 Nc6 3. Bb5 a6 4. Ba4 Nf6 5. O-O b5 6. Bb3 Bc5 7. Nxe5 Nxe5 8. d4 Bxd4 9. Qxd4 Qe7 10. f4 Nc6 11. Qc3 b4 12. Qg3 Nxe4 13. Qxg7 Qf6 14. Bxf7+ Ke7 15. Qxf6+ Nxf6 16. Bc4 Re8 17. Be3 Kf8 18. Bf2 Kg7 19. Nd2 Bb7 20. Rae1 Na5 21. Bd3 Rg8 22. Bc5 Kh8 23. Ne4 Kg7 24. Bxb4 Nc6 25. Bc3 1-0